Učitavanje...
Food science
| Glavni autor: | |
|---|---|
| Daljnji autori: | |
| Format: | Printed Book |
| Jezik: | Undetermined English |
| Izdano: |
Newdelhi
CBS publishers
1996
|
| Izdanje: | 5 |
| Teme: |
| LEADER | 00719nam a2200205Ia 4500 | ||
|---|---|---|---|
| 008 | 140306s9999 xx 000 0 und d | ||
| 041 | |a eng | ||
| 082 | |a 640 |b POT/FO | ||
| 100 | |a Hotchkiss, J.H | ||
| 700 | |a Potter, N.N | ||
| 245 | |a Food science | ||
| 250 | |a 5 | ||
| 260 | |a Newdelhi |b CBS publishers |c 1996 | ||
| 300 | |a 607 | ||
| 365 | |b Rs.250 | ||
| 650 | |a Nutrition | ||
| 942 | |2 ddc |c BK | ||
| 999 | |c 115187 |d 115187 | ||
| 952 | |0 0 |1 0 |2 ddc |4 0 |6 640_000000000000000_POTFO |7 0 |9 113545 |a KAUHCV |b KAUHCV |d 2004-04-23 |g 250.00 |o 640 POT/FO |p KAU_HCV-24708 |r 2014-03-22 |w 2014-03-22 |y BK | ||
| 952 | |0 0 |1 0 |2 ddc |4 0 |6 640_000000000000000_POTFO |7 0 |9 113546 |a KAUHCV |b KAUHCV |d 2004-04-23 |g 250.00 |o 640 POT/FO |p KAU_HCV-3700 |r 2014-03-22 |w 2014-03-22 |y BK | ||